00905nac a22001931u 4500020001500000082001700015090001500032100003400047245020500081260010600286300002600392500002600418511002600444650003300470710006700503942002000570999001500590952010600605 a0852985347 a621.406bCOM c9510d9510 a20080729  aComputational methods in turbomachinery /csponsored by the Power Industries and Engineering Sciences Divisions of the Institution of Mechanical Engineers, 10-12 April 1984, University of Birmingham. aLondon :bPublished for the Institution of Mechanical Engineers by Mechanical Engineering ,1984c1984 a270p.:bill.;c29 cm. adistributer: Al-Ahram aCatalogued by: wessam aTurbomachinesx Mathematics. aInstitution of Mechanical Engineers.Power Industries Division. cBBk621.406 COM c9510d9510 00104070aMAINbMAINc1STd2008-05-18ePurchasel0o621.406 COMp000011577r2025-07-15 00:00:00yBB